[Event "82.Camp. Veneto Quarti di Finale"]
[Site "Ceregnano ITA"]
[Date "2023.05.27"]
[Round "2.13"]
[White "Canato, Carlo"]
[Black "Pezzolato, Erica"]
[Result "1-0"]
[WhiteElo "1785"]
[BlackElo "1453"]
[Annotator "Gabriele Ballarin"]
[PlyCount "85"]
[EventDate "2023.05.26"]
[EventType "swiss"]
[EventRounds "5"]
[EventCountry "ITA"]

1. d4 Nf6 2. Nf3 g6 3. e3 Bg7 4. Be2 O-O 5. O-O d6 6. b3 Nbd7 7. Bb2 Re8 8. Nbd2 d5 9. c4 e6 10. Rc1 c6 11. Qc2 Bh6 12. Ne5 Nxe5 13. dxe5 Nd7 14. f4 f5 15. cxd5 exd5 16. Nf3 Qb6 17. Bd4 Qd8 18. Bd3 Nf8 19. Qf2 Ne6 20. Ba1 Bf8 21. h4 Bc5 22. Nd4 Nxd4 23. Rxc5 Ne6 24. Rcc1 Ng7 25. Be2 h6 26. Qg3 Kh7 27. Kf2 Be6 28. h5 gxh5 {=} 29. Rh1 Rg8 30. Qh3 Qe8 31. Bxh5 Nxh5 32. Qxh5 Qxh5 33. Rxh5 Rg6 34. Bd4 a6 35. Rch1 Rag8 36. R1h2 Bf7 37. Rxf5 Be6 38. Rfh5 Bf7 39. R5h4 Be6 40. Bc5 Bf5 41. Be7 Bg4 42. Bg5 h5 43. Rxg4 1-0

[Event "82.Camp. Veneto Quarti di Finale"]
[Site "Ceregnano ITA"]
[Date "2023.05.27"]
[Round "2.14"]
[White "De Bianchi, Asia"]
[Black "Gazzato, Niccolò"]
[Result "0-1"]
[WhiteElo "1614"]
[BlackElo "1450"]
[Annotator "Gabriele Ballarin"]
[PlyCount "114"]
[EventDate "2023.05.26"]
[EventType "swiss"]
[EventRounds "5"]
[EventCountry "ITA"]

1. e4 e6 2. d4 d5 3. e5 c5 4. c3 Nc6 5. Nf3 Qb6 6. Bd3 Bd7 7. Bc2 cxd4 8. cxd4 Bb4+ 9. Nc3 Nge7 10. O-O Ng6 11. Ne2 Be7 12. a3 O-O-O 13. b4 h5 14. Ng5 Rdf8 15. Nxf7 Rxf7 16. Bxg6 Rff8 17. Be3 Kb8 18. Nc3 Qd8 19. Qd2 Be8 20. Bxe8 Qxe8 21. f4 Qg6 22. b5 Nd8 23. Na4 b6 24. Rfc1 Nb7 25. Qc2 Qxc2 26. Rxc2 Na5 27. Rc3 Nc4 28. Bc1 Rf7 29. Nb2 Nxb2 30. Bxb2 Rxf4 31. Rc6 Re4 32. Rxe6 Bg5 33. Rd1 Be3+ 34. Kh1 Rf8 35. h3 Rf2 36. Bc3 Rc2 37. Rc6 Bf4 38. Rf1 g5 39. g3 Ree2 40. Rxf4 gxf4 41. Bb4 Rxc6 42. bxc6 fxg3 43. Bd6+ Kc8 44. e6 Rxe6 45. Bxg3 Rxc6 46. Kg2 Kd7 47. Be1 Ke6 48. Kf3 Kf5 49. h4 Rc1 50. Bb4 a5 51. Bd6 b5 52. Be7 Rb1 53. Ke2 Ke4 54. Bc5 Rb3 55. Kd2 Rd3+ 56. Kc2 Rxd4 57. Bxd4 Kxd4 0-1

[Event "82.Camp. Veneto Quarti di Finale"]
[Site "Ceregnano ITA"]
[Date "2023.05.27"]
[Round "2.15"]
[White "Fantinati, Giulio"]
[Black "Zaghini, Matteo"]
[Result "0-1"]
[WhiteElo "1378"]
[BlackElo "1590"]
[Annotator "Gabriele Ballarin"]
[PlyCount "114"]
[EventDate "2023.05.26"]
[EventType "swiss"]
[EventRounds "5"]
[EventCountry "ITA"]

1. e4 c5 2. Nc3 d6 3. d4 cxd4 4. Qxd4 Nc6 5. Qd2 g6 6. b3 Bg7 7. Bb2 Nf6 8. O-O-O h5 9. Kb1 Be6 10. Nge2 Rc8 11. f3 a6 12. Nf4 Bh6 13. Nxe6 fxe6 14. Qe1 b5 15. Qg3 Kf7 16. Bd3 e5 17. Qf2 Qc7 18. g4 Bf4 19. gxh5 Rxh5 20. Qg2 Rch8 21. Nd5 Qc8 22. Nxf4 exf4 23. e5 Nxe5 24. Bxe5 Rxe5 25. Qxg6+ Kf8 26. Rdg1 Qh3 27. Bf1 Re1+ 28. Kb2 Qh6 29. Qd3 Qh7 30. Qxh7 Rxh7 31. h4 Nd5 32. c4 Ne3 33. Bd3 Rxg1 34. Rxg1 Rxh4 35. cxb5 axb5 36. Bxb5 Rh2+ 37. Kb1 Nd5 38. Bc4 Nc3+ 39. Kc1 Nxa2+ 40. Kb1 Nc3+ 41. Kc1 Ne2+ 42. Bxe2 Rxe2 43. Rg4 e5 44. Rh4 Re3 45. Rh3 Rxb3 46. Kd2 Kf7 47. Ke2 Ke6 48. Rh6+ Kd5 49. Rh5 Kd4 50. Rh6 Rb2+ 51. Kf1 Ke3 52. Rxd6 Kxf3 53. Rd3+ Kg4 54. Ra3 e4 55. Ra1 Kg3 56. Kg1 f3 57. Kf1 e3 0-1

[Event "82.Camp. Veneto Quarti di Finale"]
[Site "Ceregnano ITA"]
[Date "2023.05.27"]
[Round "3.1"]
[White "Frescura, Davide"]
[Black "Canato, Carlo"]
[Result "1-0"]
[WhiteElo "2096"]
[BlackElo "1785"]
[Annotator "Gabriele Ballarin"]
[PlyCount "81"]
[EventDate "2023.05.26"]
[EventType "swiss"]
[EventRounds "5"]
[EventCountry "ITA"]

1. e4 c5 2. Nf3 Nc6 3. d4 cxd4 4. Nxd4 e5 5. Nb5 Nf6 6. N1c3 d6 7. Bg5 a6 8. Na3 b5 9. Nd5 Be7 10. Bxf6 Bxf6 11. c4 b4 12. Nc2 a5 13. g3 O-O 14. Bg2 Rb8 15. b3 Ne7 16. Nxf6+ gxf6 17. Qd3 Qb6 18. Rd1 Rd8 19. Ne3 Be6 20. Nd5 Nxd5 21. exd5 Bg4 22. Rd2 Bh5 23. O-O Bg6 24. Be4 Qa7 25. Bf5 a4 26. h4 Kg7 27. Kg2 axb3 28. axb3 Re8 29. Qe4 h5 30. Rd3 Qd7 31. Rf3 Qa7 32. g4 hxg4 33. Qxg4 Rh8 34. Rg3 Qd4 35. f4 exf4 36. Rxf4 Qd2+ 37. Rf2 Qh6 38. Bxg6 fxg6 39. Qd7+ Kg8 40. Rxf6 Qd2+ 41. Rf2 1-0

[Event "82.Camp. Veneto Quarti di Finale"]
[Site "Ceregnano ITA"]
[Date "2023.05.27"]
[Round "3.2"]
[White "Ballarin, Gabriele"]
[Black "Canella, Jacopo"]
[Result "0-1"]
[WhiteElo "1760"]
[BlackElo "1903"]
[Annotator "Gabriele Ballarin"]
[PlyCount "86"]
[EventDate "2023.05.26"]
[EventType "swiss"]
[EventRounds "5"]
[EventCountry "ITA"]

{[%evp 9,86,-20,-25,-33,-26,-33,-37,-45,-41,-46,-47,-70,-57,-71,-51,-54,-45,-46,-34,-65,-65,-88,-28,-64,-62,-68,33,31,47,8,65,139,74,70,136,138,145,149,135,125,152,129,197,173,212,173,252,255,332,159,175,143,298,185,216,216,264,167,211,205,572,360,1200,314,1010,0,131,-386,-377,-1759,-1621,-1762,-1462,-1808,-1915,-29985,-2725,-29992,-29988]} 1. d3 d5 2. Nd2 e5 3. Ngf3 Nc6 4. e4 Nf6 5. c3 a5 6. Be2 Bc5 7. Qc2 Qe7 8. h3 h6 9. Nf1 {[%cal Bd2f1,Bf1g3,Bg3f5][%mdl 32]} Be6 10. a4 O-O 11. g4 Nh7 12. Ng3 Qd7 13. Nf5 Nf6 14. N3h4 (14. Rg1) 14... Ne7 15. Rg1 Nh7 (15... dxe4 $17 {[%cal Re6f5]} 16. dxe4 Qc6) 16. Bd2 (16. Nf3 $11) 16... Ng6 $15 17. Nf3 Bd6 (17... dxe4 $15 18. dxe4 Qc6) 18. h4 $14 Ne7 19. Qc1 (19. Be3 $14) 19... Bxf5 (19... f6 $11) 20. gxf5 Kh8 {[#]} 21. Bxh6 $1 Rg8 (21... gxh6 $14 22. Qxh6 Nxf5 23. exf5 Rg8) 22. Bd2 g6 23. fxg6 Rxg6 24. Rxg6 $40 {[%mdl 128]} Nxg6 25. Qc2 c6 (25... dxe4 $16 26. dxe4 Qg4) 26. Qb3 Ne7 (26... Nf6 $142 27. O-O-O Nh5) 27. Be3 Qh3 (27... Rf8 $142 28. O-O-O Nf6) 28. O-O-O $18 (28. Qxb7 Rb8 29. Ng1 Qh1 $17) 28... b5 29. Ng5 (29. d4 $18) 29... Nxg5 $16 30. hxg5 Qd7 $2 (30... b4 $16) 31. Rg1 {[%cal Og5g6]} (31. g6 $16) 31... Kg7 32. Bg4 Qc7 33. Bf5 (33. axb5 $6 a4 34. Qd1 (34. Qa2 cxb5 35. Kb1 Qb8 $16) 34... a3 $18) 33... bxa4 (33... Rh8 $142 34. g6 (34. axb5 cxb5 35. g6 f6 $18) 34... Nxf5) 34. Qxa4 $18 {[%cal Og5g6]} c5 $2 (34... Rb8 35. Rh1 Qb7) 35. Rh1 d4 $2 (35... Rh8 36. Rxh8 Kxh8) 36. Bd2 $2 (36. Rh7+ Kg8 37. Qd1 Nxf5 38. Qh5) (36. Qd1 Ng6 (36... dxe3 37. Qh5 Ng8 38. Bh7 exf2 39. Bxg8 Kxg8 (39... f1=Q+ 40. Rxf1 Kxg8 41. Rh1 Kf8 42. Qh8+) 40. Qh8#)) 36... Rb8 $2 (36... dxc3 37. Bxc3 (37. bxc3 c4 $18) 37... Rh8 38. Rxh8 Kxh8) 37. c4 $2 (37. Rh7+ $18 Kg8 38. Qd1 Nxf5 39. Qh5) 37... Qb7 (37... Nxf5 $11 38. exf5 Qb7) 38. Qa3 $2 {[%mdl 8192]} (38. Rh7+ Kg8 39. g6 fxg6 40. Bxg6 Qxb2+ 41. Kd1 Nxg6 $11) (38. Qb5 $1 $16) 38... Nxf5 $19 39. exf5 $2 (39. Qa2) 39... Qxh1+ 40. Kc2 Qf3 41. f6+ Kg6 42. Qa4 e4 43. dxe4 Qxe4+ 0-1

[Event "82.Camp. Veneto Quarti di Finale"]
[Site "Ceregnano ITA"]
[Date "2023.05.27"]
[Round "3.3"]
[White "Serea, Gabriele"]
[Black "Cervatti, Michele"]
[Result "1/2-1/2"]
[WhiteElo "1747"]
[BlackElo "1860"]
[Annotator "Gabriele Ballarin"]
[PlyCount "54"]
[EventDate "2023.05.26"]
[EventType "swiss"]
[EventRounds "5"]
[EventCountry "ITA"]

1. e4 c5 2. Nf3 Nc6 3. Bb5 a6 4. Bxc6 bxc6 5. d3 d5 6. O-O Bg4 7. h3 dxe4 8. dxe4 Qxd1 9. Rxd1 Bxf3 10. gxf3 Rd8 11. Rxd8+ Kxd8 12. Be3 e6 13. Nc3 Nf6 14. Rd1+ Kc7 15. Na4 Nd7 16. Nc3 Bd6 17. f4 Rb8 18. b3 f6 19. Nb1 h6 20. Nd2 g5 21. fxg5 fxg5 22. Nc4 Bf4 23. Kg2 Bxe3 24. Nxe3 Nf6 25. f3 Nh5 26. Ng4 Nf4+ 27. Kh2 h5 {=} 1/2-1/2

[Event "82.Camp. Veneto Quarti di Finale"]
[Site "Ceregnano ITA"]
[Date "2023.05.27"]
[Round "3.4"]
[White "Zerba, Fabio"]
[Black "Tomio, Dante"]
[Result "1/2-1/2"]
[WhiteElo "1445"]
[BlackElo "1711"]
[Annotator "Gabriele Ballarin"]
[PlyCount "66"]
[EventDate "2023.05.26"]
[EventType "swiss"]
[EventRounds "5"]
[EventCountry "ITA"]

1. b3 e5 2. Bb2 d6 3. e3 Nf6 4. d3 Be7 5. Nd2 b6 6. Ngf3 Bb7 7. Be2 O-O 8. O-O Nbd7 9. Re1 Re8 10. Rb1 Bf8 11. c4 c5 12. e4 Nb8 13. h3 Nc6 14. a3 a5 15. Bc3 Qc7 16. Kf1 Nd4 17. Nxd4 exd4 18. Bb2 Nd7 19. a4 Ne5 20. Nf3 Bc8 21. Nxe5 dxe5 22. Bg4 Be6 23. Bc1 Qd7 24. Bxe6 Rxe6 25. Kg1 Rg6 26. Kh1 Bd6 27. Rf1 Rf8 28. f4 exf4 29. Bxf4 Bxf4 30. Rxf4 Rg3 31. Rf3 Rg6 32. Qe2 Re6 33. Rbf1 Re5 1/2-1/2

[Event "82.Camp. Veneto Quarti di Finale"]
[Site "Ceregnano ITA"]
[Date "2023.05.27"]
[Round "3.5"]
[White "De Bortoli, Francesco"]
[Black "Fregonese, Giulio"]
[Result "0-1"]
[WhiteElo "1894"]
[BlackElo "2026"]
[Annotator "Gabriele Ballarin"]
[PlyCount "98"]
[EventDate "2023.05.26"]
[EventType "swiss"]
[EventRounds "5"]
[EventCountry "ITA"]

1. e4 e5 2. Nc3 Nf6 3. f4 d5 4. exd5 Nxd5 5. Qf3 Nxc3 6. dxc3 Nc6 7. Bb5 Bd7 8. Nh3 Qe7 9. Be3 e4 10. Qg3 O-O-O 11. O-O-O f5 12. Qf2 a6 13. Bc4 h6 14. Qe2 Kb8 15. Bd5 Qf6 16. Rd2 Bd6 17. Rhd1 Rhe8 18. g3 Qf8 19. Kb1 Be7 20. a3 Bf6 21. Ng1 g6 22. Qf2 Qg7 23. Ne2 Kc8 24. Nc1 Nb8 25. Nb3 Bc6 26. Nc5 Bxd5 27. Rxd5 Rxd5 28. Rxd5 Qf7 29. Qd2 c6 30. Rd6 Be7 31. Rd7 b6 32. Ra7 bxc5 33. Bxc5 Qe6 34. Qe3 Rd8 35. b3 Rd7 36. Rxd7 Qxd7 37. Bd4 Bd8 38. Kb2 Qb7 39. Ka2 Nd7 40. c4 Be7 41. h4 h5 42. b4 c5 43. bxc5 Qc6 44. Qb3 Bxc5 45. Bc3 Bf2 46. Bb4 Nb6 47. c5 Nd5 48. Qc4 Qe6 49. Kb3 e3 0-1

[Event "82.Camp. Veneto Quarti di Finale"]
[Site "Ceregnano ITA"]
[Date "2023.05.27"]
[Round "3.6"]
[White "Buzzatti, Francesco"]
[Black "Morganti, Lionello"]
[Result "1/2-1/2"]
[WhiteElo "1916"]
[BlackElo "1472"]
[Annotator "Gabriele Ballarin"]
[PlyCount "58"]
[EventDate "2023.05.26"]
[EventType "swiss"]
[EventRounds "5"]
[EventCountry "ITA"]

1. d4 Nf6 2. Bg5 g6 3. Bxf6 exf6 4. e3 Bg7 5. g3 O-O 6. Bg2 d5 7. Ne2 c6 8. O-O f5 9. b3 Nd7 10. c4 Nf6 11. Nbc3 Be6 12. c5 Nd7 13. b4 a6 14. a4 Qc7 15. b5 Rfb8 16. Qd3 Nf6 17. Rfb1 h5 18. h4 Bc8 19. Qc2 Bd7 20. Ra2 Qd8 21. bxa6 bxa6 22. Rab2 a5 23. Rb7 Be8 24. Qb3 Nd7 25. Nf4 Rxb7 26. Qxb7 Nxc5 27. dxc5 Bxc3 28. Nxd5 cxd5 29. Bxd5 Rc8 {=} 1/2-1/2

[Event "82.Camp. Veneto Quarti di Finale"]
[Site "Ceregnano ITA"]
[Date "2023.05.27"]
[Round "3.8"]
[White "Sottroi, Carlo"]
[Black "Belloni, Umberto"]
[Result "0-1"]
[WhiteElo "1741"]
[BlackElo "1457"]
[Annotator "Gabriele Ballarin"]
[PlyCount "111"]
[EventDate "2023.05.26"]
[EventType "swiss"]
[EventRounds "5"]
[EventCountry "ITA"]

1. e4 e6 2. d4 d5 3. e5 c5 4. c3 Nc6 5. Nf3 Bd7 6. Be2 c4 7. O-O b5 8. Be3 Nge7 9. Na3 Qa5 10. Nc2 Nf5 11. Bd2 h5 12. Ne3 Nce7 13. b4 Qc7 14. Ne1 g6 15. N1c2 Bh6 16. Qc1 Nxe3 17. Nxe3 Bxe3 18. Bxe3 a5 19. a3 Bc6 20. Qd2 axb4 21. axb4 Kd7 22. Bg5 Nf5 23. Qb2 Qb7 24. Rxa8 Rxa8 25. Ra1 Ne7 26. Ra5 Nc8 27. Qd2 Rxa5 28. bxa5 Kc7 29. Qb2 Qa6 30. Qb4 Kb7 31. g4 hxg4 32. Bxg4 Ka8 33. Bd8 Qb7 34. Bf6 Qd7 35. h4 Qe8 36. Qc5 Na7 37. Kf1 Qg8 38. Ke2 Bd7 39. Ke3 Qc8 40. Qe7 Qe8 41. Qc5 Qc8 42. h5 gxh5 43. Bxh5 Qc6 44. Qf8+ Qc8 45. Qxf7 Nc6 46. a6 Ka7 47. f4 Kxa6 48. f5 b4 49. Kd2 bxc3+ 50. Kxc3 Qb7 51. Bd1 Qb4+ 52. Kc2 Nxd4+ 53. Kc1 Qa3+ 54. Kd2 Qd3+ 55. Ke1 Qe3+ 56. Kf1 {Nur} 0-1

[Event "82.Camp. Veneto Quarti di Finale"]
[Site "Ceregnano ITA"]
[Date "2023.05.27"]
[Round "3.9"]
[White "Zanirato, Stefano"]
[Black "Gazzato, Niccolò"]
[Result "1-0"]
[WhiteElo "1712"]
[BlackElo "1450"]
[Annotator "Gabriele Ballarin"]
[PlyCount "85"]
[EventDate "2023.05.26"]
[EventType "swiss"]
[EventRounds "5"]
[EventCountry "ITA"]

1. e4 e6 2. d4 d5 3. Nd2 c5 4. Ngf3 cxd4 5. exd5 Qxd5 6. Bc4 Qd6 7. O-O Nf6 8. Nb3 Nc6 9. Nbxd4 Nxd4 10. Qxd4 Bd7 11. Be3 Qxd4 12. Bxd4 Be7 13. Rad1 a6 14. Rfe1 Bc6 15. Ne5 Bd5 16. c3 O-O 17. Bxd5 Nxd5 18. Nd7 Rfd8 19. Nb6 Rab8 20. a4 Kf8 21. a5 Nxb6 22. Bxb6 Rxd1 23. Rxd1 Ke8 24. Kf1 Bd8 25. Rxd8+ Rxd8 26. Bxd8 Kxd8 {=} 27. Ke2 Kc7 28. Kd3 Kd6 29. b4 Kd5 30. c4+ Kd6 31. f4 f5 32. Kd4 h6 33. h4 h5 34. g3 g6 35. b5 Kd7 36. Ke5 Ke7 37. b6 Kd7 38. Kf6 Kc6 39. Kxg6 Kc5 40. Kxh5 Kxc4 41. Kg5 Kb5 42. h5 Kxa5 43. h6 1-0

[Event "82.Camp. Veneto Quarti di Finale"]
[Site "Ceregnano ITA"]
[Date "2023.05.27"]
[Round "3.10"]
[White "Rubini, Alessandro BO"]
[Black "Gallo, Fausto"]
[Result "1-0"]
[WhiteElo "1679"]
[BlackElo "1300"]
[Annotator "Gabriele Ballarin"]
[PlyCount "31"]
[EventDate "2023.05.26"]
[EventType "swiss"]
[EventRounds "5"]
[EventCountry "ITA"]

1. e4 c5 2. Nf3 d6 3. d4 cxd4 4. Nxd4 Nf6 5. Nc3 a6 6. Bg5 Nbd7 7. f4 g6 8. Qf3 Bg7 9. O-O-O O-O 10. g4 Qc7 11. h4 Rb8 12. h5 b5 13. hxg6 Nc5 14. Bxf6 exf6 15. Nd5 Qa7 16. Nc6 1-0

[Event "82.Camp. Veneto Quarti di Finale"]
[Site "Ceregnano ITA"]
[Date "2023.05.27"]
[Round "3.11"]
[White "Buqa, Brajan"]
[Black "Uncini, Alessandro"]
[Result "1-0"]
[WhiteElo "1668"]
[BlackElo "1225"]
[Annotator "Gabriele Ballarin"]
[PlyCount "51"]
[EventDate "2023.05.26"]
[EventType "swiss"]
[EventRounds "5"]
[EventCountry "ITA"]

1. c4 Nf6 2. Nc3 e6 3. e4 d5 4. e5 Nfd7 5. d4 c5 6. cxd5 exd5 7. Nf3 Nb6 8. Bg5 Be7 9. dxc5 Bxg5 10. cxb6 axb6 11. Bb5+ Nc6 12. Qxd5 Qxd5 13. Nxd5 Bd8 14. O-O O-O 15. h3 Be6 16. Nc3 Bc7 17. Rfe1 Nb4 18. Nd4 Rfd8 19. Nxe6 fxe6 20. Rac1 Nxa2 21. Nxa2 Rxa2 22. Rxc7 Rd2 23. Bc4 Raxb2 24. Bxe6+ Kf8 25. Rf7+ Ke8 26. Rc1 1-0

[Event "82.Camp. Veneto Quarti di Finale"]
[Site "Ceregnano ITA"]
[Date "2023.05.27"]
[Round "3.12"]
[White "Scaranaro, Martina"]
[Black "Zaghini, Matteo"]
[Result "1/2-1/2"]
[WhiteElo "1171"]
[BlackElo "1590"]
[Annotator "Gabriele Ballarin"]
[PlyCount "47"]
[EventDate "2023.05.26"]
[EventType "swiss"]
[EventRounds "5"]
[EventCountry "ITA"]

1. d4 Nf6 2. Nf3 g6 3. Nc3 d5 4. Bf4 c6 5. Qd2 Bg7 6. h3 h5 7. O-O-O b5 8. Kb1 Qa5 9. Nxd5 Qxd2 10. Nxf6+ Bxf6 11. Rxd2 Nd7 12. e3 Nb6 13. Bd3 Bb7 14. Rhd1 O-O-O 15. Be5 Rhe8 16. Be2 Rd7 17. Rd3 Nc4 18. Bg3 e5 19. dxe5 Rxd3 20. Rxd3 Nxe5 21. Ra3 a6 22. Nxe5 Bxe5 23. Bxe5 Rxe5 24. Bf3 1/2-1/2

[Event "82.Camp. Veneto Quarti di Finale"]
[Site "Ceregnano ITA"]
[Date "2023.05.27"]
[Round "3.14"]
[White "Acosta Loor, Tamia"]
[Black "Adel, Sarah"]
[Result "0-1"]
[WhiteElo "1098"]
[BlackElo "1350"]
[Annotator "Gabriele Ballarin"]
[PlyCount "48"]
[EventDate "2023.05.26"]
[EventType "swiss"]
[EventRounds "5"]
[EventCountry "ITA"]

1. e4 c5 2. Nf3 e6 3. d4 cxd4 4. Qxd4 Nc6 5. Qd1 Nf6 6. Nc3 Bb4 7. Bd3 d5 8. O-O Bxc3 9. exd5 Nxd5 10. bxc3 Nxc3 11. Qd2 Nd5 12. Bb2 O-O 13. a3 h6 14. c4 Nb6 15. Rfe1 Re8 16. Re2 Qc7 17. Rae1 Na4 18. Ba1 b6 19. Bc2 Rd8 20. Qe3 Nc5 21. Ng5 hxg5 22. Qxg5 Nd4 23. Rd2 f6 24. Qg6 Nxc2 0-1

[Event "82.Camp. Veneto Quarti di Finale"]
[Site "Ceregnano ITA"]
[Date "2023.05.27"]
[Round "3.14"]
[White "Pezzolato, Erica"]
[Black "Bagolin, Renzo"]
[Result "0-1"]
[WhiteElo "1453"]
[BlackElo "1736"]
[Annotator "Gabriele Ballarin"]
[PlyCount "50"]
[EventDate "2023.05.26"]
[EventType "swiss"]
[EventRounds "5"]
[EventCountry "ITA"]

1. c4 c5 2. Nf3 Nc6 3. g3 e5 4. d3 Nf6 5. Bg2 Be7 6. O-O O-O 7. Nc3 d6 8. Bd2 Rb8 9. a3 h6 10. Qc2 Bg4 11. e3 Qd7 12. Nd5 Bh3 13. Qa4 Bxg2 14. Nxe7+ Qxe7 15. Kxg2 e4 16. dxe4 Nxe4 17. Qc2 Qe6 18. b3 Rbd8 19. Bc3 d5 20. Nd2 Nxd2 21. Bxd2 Qe4+ 22. Qxe4 dxe4 23. Rfd1 Rd3 24. Rab1 Ne5 25. Kf1 Nf3 0-1

[Event "82.Camp. Veneto Quarti di Finale"]
[Site "Ceregnano ITA"]
[Date "2023.05.27"]
[Round "3.16"]
[White "Renier, Renzo"]
[Black "De Bianchi, Asia"]
[Result "1/2-1/2"]
[WhiteElo "1827"]
[BlackElo "1614"]
[Annotator "Gabriele Ballarin"]
[PlyCount "92"]
[EventDate "2023.05.26"]
[EventType "swiss"]
[EventRounds "5"]
[EventCountry "ITA"]

1. e4 c5 2. Nf3 e6 3. d4 cxd4 4. Nxd4 a6 5. c4 Qc7 6. Nc3 Nf6 7. Be2 Be7 8. O-O O-O 9. Be3 d6 10. Rc1 Nbd7 11. f4 b6 12. Bf3 Bb7 13. Kh1 Rac8 14. b3 Rfd8 15. Qe1 Nc5 16. Bg1 Nd3 17. Qe3 Nxc1 18. Rxc1 Bf8 19. Nde2 Nd7 20. Rd1 Qb8 21. Ng3 Bc6 22. f5 e5 23. Nd5 Bxd5 24. Rxd5 Nf6 25. Rd1 Rc6 26. Bf2 Rdc8 27. Nf1 b5 28. Nd2 Nd7 29. Be2 b4 30. g4 Qb6 31. Nf1 Qxe3 32. Nxe3 Nc5 33. Bd3 a5 34. Nd5 Rb8 35. Be1 Nd7 36. Bc2 Nb6 37. Kg2 Nxd5 38. Rxd5 Rc5 39. Rd2 f6 40. Bf2 Rc6 41. Rd5 a4 42. Ra5 a3 43. Ra7 g6 44. Kf3 Bh6 45. Bh4 g5 46. Bf2 Bf8 {=} 1/2-1/2

[Event "82.Camp. Veneto Quarti di Finale"]
[Site "Ceregnano ITA"]
[Date "2023.05.27"]
[Round "3.17"]
[White "Cecchetto, Vanni"]
[Black "Carlino, Alessandro"]
[Result "0-1"]
[WhiteElo "1700"]
[BlackElo "1506"]
[Annotator "Gabriele Ballarin"]
[PlyCount "64"]
[EventDate "2023.05.26"]
[EventType "swiss"]
[EventRounds "5"]
[EventCountry "ITA"]

1. d4 d5 2. c4 c6 3. Nf3 Nf6 4. Nc3 e6 5. Bg5 Nbd7 6. cxd5 exd5 7. e3 Bd6 8. Bd3 O-O 9. Qc2 h6 10. Bh4 a5 11. a4 Qe7 12. O-O Re8 13. e4 dxe4 14. Nxe4 Bb4 15. Nfd2 Bxd2 16. Qxd2 Nxe4 17. Qf4 g5 18. Qe3 f5 19. Bc4+ Kg7 20. f3 Nd6 21. Qc3 gxh4 22. Bd3 Qf6 23. Rfe1 Rxe1+ 24. Rxe1 Nf8 25. Re5 Ng6 26. Rc5 Bd7 27. Qa3 Qxd4+ 28. Kf1 b6 29. Rc1 c5 30. Bc2 Bc8 31. Bd3 Nf4 32. Rc3 Nxd3 0-1

[Event "82.Camp. Veneto Quarti di Finale"]
[Site "Ceregnano ITA"]
[Date "2023.05.28"]
[Round "4.1"]
[White "Canella, Jacopo"]
[Black "Frescura, Davide"]
[Result "1/2-1/2"]
[WhiteElo "1903"]
[BlackElo "2096"]
[Annotator "Gabriele Ballarin"]
[PlyCount "175"]
[EventDate "2023.05.26"]
[EventType "swiss"]
[EventRounds "5"]
[EventCountry "ITA"]

1. d4 d5 2. c4 e6 3. Nc3 Nf6 4. cxd5 exd5 5. Bg5 c6 6. e3 h6 7. Bh4 Be6 8. Bd3 Nbd7 9. Nf3 g5 10. Bg3 Nh5 11. Qb3 Qb6 12. Qc2 Nxg3 13. hxg3 Bg7 14. Rb1 c5 15. dxc5 Qxc5 16. O-O Rc8 17. Rbc1 O-O 18. Rfd1 Ne5 19. Nxe5 Bxe5 20. Bf5 Kg7 21. Qd3 Qa5 22. Rc2 Rc4 23. Bxe6 fxe6 24. Ne2 Rxc2 25. Qxc2 Qc7 26. Qxc7+ Bxc7 27. Nd4 Kf6 28. f4 e5 29. fxg5+ Ke7 30. Nf3 e4 31. Nh4 Ke6 32. gxh6 Bb6 33. Re1 Rh8 34. Ng6 Rxh6 35. Nf4+ Ke5 36. Kf2 d4 37. exd4+ Bxd4+ 38. Ke2 Bxb2 39. Kd2 Rd6+ 40. Kc2 Bd4 41. Nd3+ Kd5 42. Nf4+ Ke5 43. Nd3+ {=} Kf5 44. g4+ Kxg4 45. Rxe4+ Kg3 46. Re7 Rc6+ 47. Kd2 Rd6 48. Nb4 Rb6 49. Nd3 {=} Kxg2 50. Re4 Bf6 51. Rg4+ Kf3 52. Rf4+ Kg3 53. Rc4 Bg5+ 54. Kc2 Kf3 55. Ne5+ Kf2 56. Re4 Bf6 57. Ng4+ Kf3 58. Nxf6 Rxf6 59. Re7 {=} Rb6 60. Kc3 Kf4 61. Re2 Kf5 62. Kc4 Re6 63. Rb2 Re7 64. Kd5 Rd7+ 65. Kc5 Ke6 66. Re2+ Kf7 67. a4 Re7 68. Rd2 Ke8 69. a5 Rd7 70. Re2+ Kd8 71. Re5 Kc7 72. Rh5 Rg7 73. Rf5 a6 74. Rh5 Kb8 75. Kb4 Rg1 76. Rh8+ Ka7 77. Rh4 Ra1 78. Rg4 Rb1+ 79. Ka4 Rb5 80. Rh4 Rd5 81. Rg4 Kb8 82. Rg7 Kc8 83. Rh7 Rd7 84. Rh8+ Kc7 85. Rh4 Rd5 86. Kb4 Kc6 87. Rh6+ Rd6 88. Rh4 1/2-1/2

[Event "82.Camp. Veneto Quarti di Finale"]
[Site "Ceregnano ITA"]
[Date "2023.05.28"]
[Round "4.2"]
[White "Tomio, Dante"]
[Black "Serea, Gabriele"]
[Result "1/2-1/2"]
[WhiteElo "1711"]
[BlackElo "1747"]
[Annotator "Gabriele Ballarin"]
[PlyCount "47"]
[EventDate "2023.05.26"]
[EventType "swiss"]
[EventRounds "5"]
[EventCountry "ITA"]

1. d4 Nf6 2. g3 g6 3. c4 Bg7 4. Bg2 d6 5. Nc3 O-O 6. Nf3 Nbd7 7. e4 e5 8. d5 Nc5 9. Qc2 a5 10. O-O Ne8 11. Be3 Na6 12. Qd2 f5 13. Bh6 Nc5 14. Bxg7 Kxg7 15. exf5 Bxf5 16. Nh4 Bd3 17. Rfe1 Nf6 18. h3 {=} Qd7 19. Nf3 Rae8 20. Re3 Bxc4 21. b3 Bd3 22. Rae1 Ba6 23. Ng5 Re7 24. Na4 1/2-1/2